000 01010nam2a2200229 4500
001 RU\NLR\bibl\1429935
005 20250615221358.0
010 _a5-94848-307-X
_bТ. 3
035 _a(NLR Aleph) 001421848
090 _a1347685
_c1347685
100 _a20091026d2005 |||y0rusy50 ca
101 0 _arus
102 _aRU
105 _ac |||||||||
200 1 _aП - Я
215 _a829, [1] с.
_cпортр.
461 0 _1001RU\NLR\bibl\1441529
_12001#$aРусская литература XX века. Прозаики, поэты, драматурги$vТ. 3
_91416879
_cМосква
_d2005
_fРос. акад. наук, Ин-т рус. лит. (Пушк. Дом) [и др.
_nОЛМА-Пресс Инвест
_oбиобиблиографический словарь : в 3 т.
_tРусская литература XX века. Прозаики, поэты, драматурги
_y5-94848-211-1
_vТ. 3
801 0 _aRU
_bNLR
_c20091026
_gRCR
801 1 _aRU
_bNLR
_c20091026
942 _cBOOK
980 _aNB